| 000 | 00794nas a2200265 4500 | ||
|---|---|---|---|
| 001 | BR7903526 | ||
| 003 | BR-BrBNA | ||
| 005 | 20231205083757.0 | ||
| 007 | ta | ||
| 008 | 230509b bl.|||p| |||| 00| 00por d | ||
| 040 |
_aBR-BrBNA _bpor _cBiblioteca Nacional de Agricultura |
||
| 041 | _a(Pt) | ||
| 072 | _aF00 | ||
| 100 | 1 | _aReis, M.S. | |
| 100 | 1 | _aVieira, C. | |
| 100 | 1 | _aBolsanello, J. | |
| 245 | 1 | _aEfeito do plantio de fileiras duplas de feijoeiro (Phaseolus vulgaris L.)sobre o rendimento e seus componentes | |
| 650 | _aFEIJAO | ||
| 650 | _aPLANTIO | ||
| 650 | _aRENDIMENTO | ||
| 650 | _aFILEIRA DUPLA | ||
| 773 | 0 |
_tRevista Ceres (Brazil) _xISSN 0034-737X _g(May 1979), v. 25(145) p. 310-315 _wBR7903526 |
|
| 909 |
_a202311 _bLúcia _c55 _dLúcia Elande |
||
| 942 |
_2AGRIS _n0 _cANA |
||
| 999 |
_c101117 _d101117 |
||